Tous les GOTY des Games Award - Statistiques

Statistiques générales
  • Ce quiz a été pris 541 fois
    213 depuis la dernière actualisation
  • Le résultat moyen est 14 sur 23
Statistiques - réponses
Cérémonie Année Genre Développement Réponse % Correct
2025 Tour par tour Sandfall Interactive Clair Obscur: Expedition 33
95%
2013 Action-aventure Rockstar North Grand Theft Auto V
87%
2022 Action-RPG FromSoftware Elden Ring
84%
2016 First-person shooter Blizzard Entertainment Overwatch
79%
2008 Action-aventure Rockstar North Grand Theft Auto IV
78%
2020 Action-aventure Naughty Dog The Last of Us Part II
72%
2024 Plateforme Team Asobi Astro Bot
71%
2010 Action-aventure Rockstar San Diego Red Dead Redemption
69%
2018 Action-aventure SIE Santa Monica Studio God of War
67%
2017 Action-aventure Nintendo EPD The Legend of Zelda: Breath of the Wild
67%
2015 Action-RPG CD Projekt Red The Witcher 3: Wild Hunt
67%
2023 Rôle Larian Studios Baldur's Gate III
65%
2019 Action-aventure FromSoftware Sekiro: Shadows Die Twice
65%
2004 Action-aventure Rockstar North Grand Theft Auto: San Andreas
61%
2005 Survival horror Capcom Resident Evil 4
56%
2011 Action-RPG Bethesda Game Studios The Elder Scrolls V: Skyrim
55%
2021 Aventure Hazelight Studios It Takes Two
54%
2006 Action-RPG Bethesda Game Studios The Elder Scrolls IV: Oblivion
46%
2012 Épisodique Telltale Games The Walking Dead
43%
2009 Action-aventure Naughty Dog Uncharted 2: Among Thieves
42%
2007 First-person shooter Irrational Games BioShock
36%
The Game Awards 2014 Action-RPG BioWare Dragon Age: Inquisition
28%
Spike Video Game Awards 2003 Sports EA Tiburon Madden NFL 2004
11%
Aucun quiz correspondant
Distribution des résultats
% des personnes avec chaque résultat
Percentile par nombre de réponses
Votre historique - résultats
Vous n’avez pas pris ce quiz depuis la dernière actualisation